[Event "Aeroflot Open A 2017"]
[Site "masterchessopen.com Moscow RUS"]
[Date "2017.02.22"]
[Round "2.3"]
[White "Kovalev,Vl"]
[Black "Smirin,I"]
[Result "0-1"]
[WhiteElo "2598"]
[BlackElo "2670"]

1.e4 g6 2.d4 Bg7 3.Nc3 d6 4.Bg5 a6 5.Qd2 Nd7 6.f4 b5 7.Nf3 Bb7 8.O-O-O b4
9.Nd5 Bxd5 10.exd5 Ngf6 11.Qxb4 Nxd5 12.Qa5 N5f6 13.Bd3 O-O 14.f5 Qc8 15.Rhe1
Re8 16.Ne5 dxe5 17.dxe5 Ng4 18.e6 Nde5 19.exf7+ Nxf7 20.Bxe7 Qb7 21.b3 Nf2
22.fxg6 Nxd3+ 23.Rxd3 hxg6 24.Rg3 Qc6 25.h4 Rab8 26.a4 Qd7 27.Rd3 Qc6 28.Rg3
Qd7 29.Rd3 Qg4 30.Qxc7 Rbc8 31.Qg3 Qf5 32.Bb4 Ne5 33.Rc3 Nc6 34.Rf3 Rxe1+
35.Bxe1 Qe4 36.Kb1 Nb4 {#R} 0-1

[Event "Aeroflot Open A 2017"]
[Site "masterchessopen.com Moscow RUS"]
[Date "2017.02.22"]
[Round "2.12"]
[White "Abdusattorov,Nodirbek"]
[Black "Bluebaum,M"]
[Result "0-1"]
[WhiteElo "2429"]
[BlackElo "2632"]

1.e4 e6 2.d4 d5 3.Nd2 Be7 4.e5 c5 5.c3 cxd4 6.cxd4 Qb6 7.Ndf3 Bb4+ 8.Bd2 Nc6
9.Bxb4 Qxb4+ 10.Qd2 Nge7 11.Bd3 O-O 12.Ne2 f6 13.Qxb4 Nxb4 14.Bb1 Bd7 15.a3
Nbc6 16.O-O fxe5 17.Nxe5 Nxe5 18.dxe5 Bb5 19.Re1 Bxe2 20.Rxe2 Rac8 21.Bd3 g5
22.g3 Kg7 23.Kg2 Nc6 24.Rf1 Nd4 25.Re3 g4 26.h3 Rf3 27.hxg4 Rxe3 28.fxe3 Nc6
29.Rc1 Rf8 30.Be2 Nxe5 31.Rc7+ Rf7 32.Rc8 Kf6 33.b3 Rg7 34.Kh3 Nf7 35.Bd3 Ng5+
36.Kh4 Nf3+ 37.Kh3 Ke5 38.b4 Ng5+ 39.Kh4 Ne4 40.Rf8 Rc7 41.g5 Rg7 42.Rf4 Nxg5
43.g4 d4 44.Kh5 dxe3 45.Rc4 Rd7 46.Bf1 {#R} 0-1

[Event "Aeroflot Open A 2017"]
[Site "masterchessopen.com Moscow RUS"]
[Date "2017.02.22"]
[Round "2.19"]
[White "Sasikiran,K"]
[Black "Svane,R"]
[Result "1-0"]
[WhiteElo "2674"]
[BlackElo "2570"]

1.e4 e6 2.d4 d5 3.Nc3 Nf6 4.e5 Nfd7 5.f4 c5 6.Nf3 Nc6 7.Be3 a6 8.Ne2 b5 9.c3
b4 10.cxb4 cxd4 11.Nexd4 Bxb4+ 12.Kf2 Nxd4 13.Bxd4 O-O 14.g3 Bc5 15.Rc1 Qa5
16.a3 Bb7 17.b4 Bxd4+ 18.Qxd4 Qa4 19.Rc7 Bc6 20.Bd3 Rfc8 21.Rxc8+ Rxc8 22.Rc1
Nf8 23.b5 axb5 24.Qxa4 bxa4 25.Ba6 Bb7 26.Rxc8 Bxa6 27.Rb8 {#r} 1-0

[Event "Aeroflot Open A 2017"]
[Site "masterchessopen.com Moscow RUS"]
[Date "2017.02.22"]
[Round "2.23"]
[White "Fedoseev,Vl3"]
[Black "Huzman,A"]
[Result "1-0"]
[WhiteElo "2658"]
[BlackElo "2552"]

1.d4 Nf6 2.c4 e6 3.Nf3 d5 4.Nc3 Be7 5.Bf4 O-O 6.e3 Nbd7 7.a3 c5 8.cxd5 Nxd5
9.Nxd5 exd5 10.dxc5 Nxc5 11.Be2 Bf6 12.Be5 Bxe5 13.Nxe5 Qd6 14.Nf3 Bg4 15.O-O
Rfd8 16.Rc1 Ne6 17.Qb3 Qe7 18.h3 Bh5 19.Rfe1 Rd6 20.Rcd1 Rad8 21.Nd4 Bg6
22.Qb4 a6 23.Nb3 Qc7 24.Nd4 h6 25.Bg4 Qb6 26.Qxb6 Rxb6 27.b4 Rbd6 28.Rc1 Nxd4
29.exd4 h5 30.Bc8 b5 31.Rc7 Bd3 32.Re5 g6 33.Re3 Bc4 34.h4 Rf6 35.g3 Kf8 36.f4
Rb6 37.Kf2 Re8 38.Re5 Rd6 39.Ke3 f6 40.Rxe8+ Kxe8 41.f5 g5 42.Ra7 gxh4 43.gxh4
Kd8 44.Be6 Bb3 45.Rf7 {#r} 1-0

[Event "Aeroflot Open A 2017"]
[Site "masterchessopen.com Moscow RUS"]
[Date "2017.02.22"]
[Round "2.27"]
[White "Lysyj,I"]
[Black "Harutyunian,T"]
[Result "1-0"]
[WhiteElo "2643"]
[BlackElo "2515"]

1.d4 d5 2.c4 e6 3.Nf3 Nf6 4.g3 dxc4 5.Bg2 Nc6 6.Qa4 Bb4+ 7.Bd2 Nd5 8.Bxb4 Nxb4
9.O-O Rb8 10.Na3 O-O 11.Qb5 b6 12.Qxc4 Ba6 13.Nb5 Qd5 14.Qxd5 Nxd5 15.a4 Na5
16.Ne5 Rbd8 17.b4 Nxb4 18.Rab1 Nd5 19.Rfc1 f6 20.Nc6 Nxc6 21.Rxc6 Bxb5 22.axb5
Rfe8 23.Ra1 Rd6 24.Rxd6 cxd6 25.Rxa7 Ne7 26.Rb7 d5 27.Rxb6 Kf7 28.e3 Rc8
29.Bf3 f5 30.h4 Rc2 31.Rb7 Kf6 32.g4 f4 33.exf4 Rc4 34.g5+ Kf7 35.f5 Rxd4
36.Bh5+ g6 37.f6 gxh5 38.Rxe7+ Kg8 39.b6 {#r} 1-0

[Event "Aeroflot Open A 2017"]
[Site "masterchessopen.com Moscow RUS"]
[Date "2017.02.22"]
[Round "2.31"]
[White "Lorparizangeneh,S"]
[Black "Kobalia,M"]
[Result "0-1"]
[WhiteElo "2519"]
[BlackElo "2628"]

1.Nf3 g6 2.d4 d6 3.g3 f5 4.Bg2 Nf6 5.O-O Bg7 6.b3 O-O 7.Bb2 Ne4 8.Nbd2 Nc6
9.Ne1 Ng5 10.e3 e5 11.f4 Nf7 12.dxe5 dxe5 13.Bxc6 bxc6 14.Ndf3 e4 15.Bxg7 Kxg7
16.Ne5 Nxe5 17.fxe5 Qe7 18.Qd4 c5 19.Qc3 Ba6 20.Rf2 Rad8 21.Ng2 g5 22.Re1 Rd5
23.Rd2 Qxe5 24.Qxe5+ Rxe5 25.c4 Bb7 26.Red1 Bc6 27.h4 h6 28.Kf2 Ree8 29.hxg5
hxg5 30.Rh1 Rd8 31.Rxd8 Rxd8 32.Ke2 a5 33.Ne1 a4 34.Nc2 axb3 35.axb3 Rd3
36.Ra1 Be8 37.Ne1 Bh5+ 38.Kf2 Rd2+ 39.Kf1 Bg4 40.Rc1 Bh3+ 41.Kg1 Re2 42.Nc2
Kg6 43.b4 cxb4 44.Nxb4 Rxe3 45.Kh2 Re2+ {#R} 0-1

[Event "Aeroflot Open A 2017"]
[Site "masterchessopen.com Moscow RUS"]
[Date "2017.02.22"]
[Round "2.34"]
[White "Rozum,I"]
[Black "Lomasov,Semen"]
[Result "0-1"]
[WhiteElo "2601"]
[BlackElo "2450"]

1.d4 Nf6 2.c4 e6 3.Nf3 Bb4+ 4.Bd2 a5 5.g3 O-O 6.Bg2 d5 7.Qc2 c5 8.dxc5 d4
9.Bxb4 axb4 10.Ne5 Qa5 11.Nd2 Qxc5 12.Nd3 Qe7 13.c5 Nc6 14.Nc4 e5 15.Bxc6 bxc6
16.Ncxe5 Bh3 17.Qc4 Rfe8 18.f4 Nd5 19.Kd2 f6 20.Nxc6 Qxe2+ 21.Kc1 Qf3 22.Rg1
Bf1 23.Ncxb4 Rad8 24.Kc2 Bxd3+ 25.Nxd3 Kh8 26.Kb1 Re3 27.a3 Rxd3 28.Rc1 Nc3+
29.Kc2 Qe2+ 30.Kb3 Rb8+ {#R} 0-1

[Event "Aeroflot Open A 2017"]
[Site "masterchessopen.com Moscow RUS"]
[Date "2017.02.22"]
[Round "2.37"]
[White "Kuybokarov,Temur"]
[Black "Antipov,M2"]
[Result "0-1"]
[WhiteElo "2491"]
[BlackElo "2582"]

1.e4 e6 2.d4 d5 3.Nd2 h6 4.Ngf3 Nf6 5.Bd3 c5 6.e5 Nfd7 7.c3 Nc6 8.O-O g5 9.h3
h5 10.g4 hxg4 11.hxg4 Qb6 12.dxc5 Qc7 13.Kg2 Ndxe5 14.Nxe5 Nxe5 15.Bb5+ Bd7
16.Bxd7+ Kxd7 17.Ne4 Be7 18.Bxg5 Bxg5 19.Nxg5 Rh4 20.f3 Rh2+ 21.Kg3 Rah8 22.f4
f6 23.Rf2 fxg5 24.Qa4+ Nc6 {#R} 0-1

[Event "Aeroflot Open A 2017"]
[Site "masterchessopen.com Moscow RUS"]
[Date "2017.02.22"]
[Round "2.38"]
[White "Korobov,A"]
[Black "Schroeder,Ja"]
[Result "1-0"]
[WhiteElo "2691"]
[BlackElo "2543"]

1.d4 d5 2.c4 e6 3.Nc3 Be7 4.Nf3 Nf6 5.Bg5 h6 6.Bxf6 Bxf6 7.Qc2 dxc4 8.e3 c5
9.dxc5 Qa5 10.Bxc4 Nd7 11.Rc1 Nxc5 12.O-O Bd7 13.Qb1 Qb4 14.Be2 O-O 15.a3 Qb6
16.b4 Na4 17.Ne4 Rac8 18.Nxf6+ gxf6 19.Qd3 Rfd8 20.Rxc8 Bxc8 21.Qb3 Bd7 22.Rc1
Bb5 23.Nd4 Bxe2 24.Nxe2 Qb5 25.Nf4 Kf8 26.h3 Ke7 27.Qc2 f5 28.Qc7+ Qd7 29.Qe5
f6 30.Ng6+ Kf7 31.Qg3 Rc8 32.Rxc8 Qxc8 33.Nf4 Nc3 34.Qg6+ Ke7 35.Qg7+ Kd6
36.Qxf6 Ne4 37.Qd4+ Ke7 38.Ng6+ Kf7 39.Ne5+ Ke7 40.f3 Qc1+ 41.Kh2 Nd6 42.Qh4+
{#r} 1-0

[Event "Aeroflot Open A 2017"]
[Site "masterchessopen.com Moscow RUS"]
[Date "2017.02.22"]
[Round "2.39"]
[White "Olafsson,H1"]
[Black "Sjugirov,S"]
[Result "0-1"]
[WhiteElo "2540"]
[BlackElo "2673"]

1.Nf3 d5 2.d4 Nf6 3.c4 e6 4.Nc3 Bb4 5.Bg5 Nbd7 6.e3 c5 7.cxd5 exd5 8.Qc2 Qa5
9.Bd3 c4 10.Bf5 O-O 11.O-O Re8 12.Bh4 g6 13.Bh3 Kg7 14.Nd2 Nb6 15.Bxc8 Raxc8
16.Bxf6+ Kxf6 17.a4 Kg7 18.Rfe1 Re6 19.f3 Rd8 20.Re2 Nc8 21.Ra2 Nd6 22.Nf1
Rde8 23.Ra1 Nf5 24.Rae1 Ra6 25.Ra1 Rb6 26.Kf2 h5 27.g3 Rf6 28.Kg2 Rfe6 29.Rae1
a6 30.h3 Rf6 31.Rd1 Nd6 32.g4 hxg4 33.hxg4 Bxc3 34.bxc3 b5 35.axb5 Nxb5 36.Rc1
Rfe6 37.Qd2 Qd8 38.Ng3 Rh8 39.e4 dxe4 40.Rxe4 Nc7 41.Rh1 Rxh1 42.Kxh1 a5
43.Rxe6 Nxe6 44.d5 a4 45.Ne4 a3 46.Kg2 Qxd5 {#R} 0-1

[Event "Aeroflot Open A 2017"]
[Site "masterchessopen.com Moscow RUS"]
[Date "2017.02.22"]
[Round "2.46"]
[White "Vakhidov,J"]
[Black "Sarana,A"]
[Result "1-0"]
[WhiteElo "2561"]
[BlackElo "2468"]

1.Nf3 Nf6 2.g3 d5 3.Bg2 g6 4.c4 c6 5.b3 Bg7 6.Bb2 O-O 7.O-O b6 8.d4 Bb7 9.Nc3
Nbd7 10.Ne5 Rc8 11.Nd3 Re8 12.e3 Qc7 13.f4 e6 14.Rc1 Qb8 15.Ne5 Red8 16.cxd5
cxd5 17.Ba3 Bf8 18.Bxf8 Nxf8 19.g4 Ba6 20.Rf2 Qd6 21.Rfc2 Qe7 22.Bf1 Qb7
23.Bxa6 Qxa6 24.Qf1 Qxf1+ 25.Kxf1 Kg7 26.g5 Ne8 27.Nb5 Rxc2 28.Rxc2 a6 29.Nc7
Nd6 30.Rc6 Nf5 31.Ke2 Nd7 32.Nxe6+ fxe6 33.Rc7 h6 34.Nxd7 hxg5 35.Ne5+ {#r}
1-0

[Event "Aeroflot Open B 2017"]
[Site "masterchessopen.com Moscow RUS"]
[Date "2017.02.22"]
[Round "2.1"]
[White "Lintchevski,D"]
[Black "Abdumalik,Z"]
[Result "1-0"]
[WhiteElo "2524"]
[BlackElo "2430"]

1.Nf3 Nf6 2.c4 c5 3.Nc3 Nc6 4.e3 e6 5.d4 d5 6.a3 a6 7.dxc5 Bxc5 8.b4 Bd6
9.cxd5 exd5 10.Bb2 O-O 11.Be2 Bc7 12.O-O Qd6 13.Rc1 Bg4 14.g3 Rad8 15.Nd4 Bxe2
16.Ncxe2 Ne5 17.Nf5 Qd7 18.f4 Nc4 19.Bxf6 Qxf5 20.Bxd8 Bxd8 21.Rc3 Bb6 22.Qd3
Nxe3 23.Qxf5 Nxf5+ 24.Kh1 d4 25.Rd3 Re8 26.Ng1 h5 27.Rc1 g6 28.Kg2 a5 29.Rb1
Re7 30.bxa5 Bxa5 31.Kf3 Rc7 32.Ne2 b6 33.Rc1 Rc5 34.h3 h4 35.g4 Ng3 36.Rxc5
bxc5 37.Nxg3 hxg3 38.Kxg3 Kf8 39.Kf3 f5 40.gxf5 gxf5 41.Rb3 Bd2 42.Rb5 c4
43.Rxf5+ Ke7 44.Rc5 c3 45.Ke4 Be1 46.Kd3 {#r} 1-0

[Event "Aeroflot Open B 2017"]
[Site "masterchessopen.com Moscow RUS"]
[Date "2017.02.22"]
[Round "2.3"]
[White "Murtazin,Bulat"]
[Black "Levin,Ev"]
[Result "0-1"]
[WhiteElo "2425"]
[BlackElo "2506"]

1.d4 Nf6 2.c4 e6 3.Nf3 b6 4.g3 Ba6 5.Qc2 Bb7 6.Bg2 c5 7.d5 exd5 8.cxd5 Nxd5
9.O-O Nc7 10.e4 Be7 11.Nc3 Nc6 12.Rd1 O-O 13.Be3 Qe8 14.a3 d6 15.Nd5 Ne6
16.Rd2 Ne5 17.Rad1 Ng4 18.Bf4 Nxf4 19.gxf4 Rd8 20.Re2 Nf6 21.Nc3 Nh5 22.Qd2
Bf6 23.Qe3 Bxc3 24.bxc3 Qa4 25.Ree1 d5 26.exd5 Nxf4 27.Nh4 Nxg2 28.Nxg2 Rxd5
{#R} 0-1

[Event "Aeroflot Open B 2017"]
[Site "masterchessopen.com Moscow RUS"]
[Date "2017.02.22"]
[Round "2.6"]
[White "Tran,Minh Thang"]
[Black "Atabayev,M"]
[Result "0-1"]
[WhiteElo "2420"]
[BlackElo "2492"]

1.d4 Nf6 2.c4 e6 3.Nc3 d5 4.Bg5 c6 5.e3 Be7 6.Bd3 Nbd7 7.cxd5 Nxd5 8.Bxe7 Qxe7
9.Nge2 O-O 10.O-O Nxc3 11.bxc3 b6 12.Qc2 h6 13.e4 Bb7 14.a4 c5 15.a5 Rfc8
16.Qb1 Bc6 17.Rd1 Rab8 18.axb6 Nxb6 19.Qa2 cxd4 20.cxd4 Na4 21.Rdb1 Be8 22.Qd2
e5 23.Ba6 Rd8 24.Rxb8 Rxb8 25.Qe3 Qd6 26.Bc4 Rb4 27.Rc1 Nb6 28.dxe5 Qxe5
29.Bd3 Rb3 30.Nd4 Ra3 31.f4 Qa5 32.Nf5 Bd7 33.Qd4 Bxf5 34.Qd8+ Kh7 35.Rd1 Bd7
{#R} 0-1

[Event "Aeroflot Open B 2017"]
[Site "masterchessopen.com Moscow RUS"]
[Date "2017.02.22"]
[Round "2.9"]
[White "Gasanov,E"]
[Black "Sadovsky,Artem"]
[Result "1-0"]
[WhiteElo "2479"]
[BlackElo "2416"]

1.d4 g6 2.e4 Bg7 3.Nf3 d6 4.Bc4 Nf6 5.Qe2 O-O 6.O-O Bg4 7.e5 dxe5 8.dxe5 Nd5
9.Nbd2 Nb6 10.Bb3 Nc6 11.h3 Nd4 12.Qe3 Nxb3 13.axb3 Nd5 14.Qe2 Bf5 15.Ne4 c6
16.Ng3 Bc8 17.Ra4 f6 18.Rh4 fxe5 19.Nxe5 Bf6 20.Rd4 Qc7 21.Re1 Bf5 22.c4 Nb6
23.Nxf5 gxf5 24.Bf4 Qc8 25.Rd3 Bg7 26.Rg3 Kh8 27.Qh5 Rf6 28.Nf7+ Kg8 29.Rxe7
Kf8 30.Rxg7 {#r} 1-0

[Event "Aeroflot Open B 2017"]
[Site "masterchessopen.com Moscow RUS"]
[Date "2017.02.22"]
[Round "2.10"]
[White "Lavrik,D"]
[Black "Lin Chen"]
[Result "0-1"]
[WhiteElo "2414"]
[BlackElo "2478"]

1.d4 d5 2.c4 c6 3.Nf3 Nf6 4.Nc3 a6 5.e3 Bf5 6.Qb3 b5 7.cxd5 cxd5 8.Ne5 e6
9.Nxb5 axb5 10.Bxb5+ Nfd7 11.g4 Bg6 12.h4 Bd6 13.h5 Be4 14.Rh3 Bxe5 15.dxe5
O-O 16.Bd2 Qb6 17.a4 Nxe5 18.Bc3 Nbc6 19.Qd1 f5 20.gxf5 Rxf5 21.f4 d4 22.exd4
Rxf4 23.Be2 Raf8 24.a5 Qa7 {#R} 0-1

[Event "Aeroflot Open B 2017"]
[Site "masterchessopen.com Moscow RUS"]
[Date "2017.02.22"]
[Round "2.11"]
[White "Elistratov,Semen"]
[Black "Atabayev,Y"]
[Result "1-0"]
[WhiteElo "2407"]
[BlackElo "2475"]

1.e4 c6 2.d4 d5 3.exd5 cxd5 4.c4 Nf6 5.Nc3 Nc6 6.Bg5 Be6 7.Be2 h6 8.Bxf6 exf6
9.Bf3 Bb4 10.Ne2 O-O 11.O-O Ne7 12.c5 b6 13.Na4 bxc5 14.a3 Ba5 15.Nxc5 Bc7
16.g3 Rb8 17.Qd2 Qd6 18.Nf4 Bc8 19.Rfe1 g5 20.Rxe7 Qxe7 21.Nxd5 Qd8 22.Ne4 f5
23.Nef6+ Kg7 24.h4 g4 25.Bg2 Be6 26.Nh5+ Kh7 27.Nxc7 Qxc7 28.d5 Bd7 29.Nf6+
Kg6 30.h5+ Kxf6 31.Qxh6+ Ke7 32.Re1+ Be6 33.dxe6 Qd6 34.Qg5+ {#r} 1-0

[Event "Aeroflot Open B 2017"]
[Site "masterchessopen.com Moscow RUS"]
[Date "2017.02.22"]
[Round "2.13"]
[White "Tunik,G"]
[Black "Kotanjian,T"]
[Result "0-1"]
[WhiteElo "2395"]
[BlackElo "2464"]

1.d4 Nf6 2.c4 e6 3.Nf3 d5 4.Nc3 c6 5.e3 Nbd7 6.Bd3 dxc4 7.Bxc4 b5 8.Bd3 a6
9.a4 Bb7 10.Qe2 b4 11.Ne4 c5 12.Nxf6+ Nxf6 13.dxc5 Bxc5 14.e4 Qc7 15.O-O O-O
16.Bg5 a5 17.Rac1 Rac8 18.Be3 Qb6 19.Rxc5 Rxc5 20.Nd2 Qc7 21.Bxc5 Qxc5 22.Nb3
Qe5 23.f4 Qc7 24.Qe3 Rd8 25.Rc1 Qb8 26.h3 Qa8 27.Nc5 Qa7 28.Qf2 g6 29.Bb5 Rc8
30.Rc4 Rd8 31.Kh2 Nh5 32.Qh4 Rd2 33.Qe1 Rxb2 34.Qa1 Rf2 35.Nd3 Rd2 36.Rd4 Qb8
37.Qe1 Nxf4 38.Qxd2 Ne2+ 39.e5 Nxd4 40.Qf4 Nxb5 41.axb5 Bd5 42.Nf2 h5 43.g4 h4
44.Qf6 b3 45.g5 Qxb5 46.Qd8+ Kg7 47.Qf6+ Kf8 48.Qd8+ Qe8 49.Qxa5 Qb8 50.Nd3
Kg7 {#R} 0-1

[Event "Aeroflot Open B 2017"]
[Site "masterchessopen.com Moscow RUS"]
[Date "2017.02.22"]
[Round "2.14"]
[White "Vokhidov,Shamsiddin"]
[Black "Badmatsyrenov,O"]
[Result "1-0"]
[WhiteElo "2355"]
[BlackElo "2456"]

1.e4 c5 2.Nf3 Nc6 3.Bb5 Qb6 4.Nc3 e6 5.Bxc6 Qxc6 6.d4 cxd4 7.Qxd4 f6 8.Be3 b6
9.O-O Bc5 10.Qd3 Ne7 11.Nd4 Bxd4 12.Qxd4 O-O 13.Rad1 f5 14.f3 fxe4 15.fxe4
Rxf1+ 16.Kxf1 Ba6+ 17.Kg1 Rf8 18.h3 Bc8 19.Rd2 Ng6 20.a4 Qc7 21.Qd6 Qc4 22.Rf2
Ba6 23.Qxd7 h5 24.Bd4 e5 25.Bxe5 Nxe5 26.Rxf8+ Kxf8 27.Qd6+ Kg8 28.Qxe5 Qf1+
29.Kh2 Bc4 30.Qe8+ Kh7 31.Qxh5+ Kg8 32.Qf5 {#r} 1-0

[Event "Aeroflot Open B 2017"]
[Site "masterchessopen.com Moscow RUS"]
[Date "2017.02.22"]
[Round "2.16"]
[White "Smirnov,Timofey"]
[Black "Oganian,M"]
[Result "0-1"]
[WhiteElo "2323"]
[BlackElo "2452"]

1.e4 c5 2.Nf3 d6 3.d4 cxd4 4.Nxd4 Nf6 5.Nc3 a6 6.Be3 e5 7.Nb3 Be6 8.f3 h5
9.Qd2 Nbd7 10.O-O-O Rc8 11.Kb1 Be7 12.Be2 b5 13.a3 Qc7 14.f4 Nb6 15.f5 Bd7
16.Na5 Na4 17.Nxa4 Nxe4 18.Qd3 bxa4 19.Qxe4 Qxa5 20.Rd5 Qc7 21.Bxa6 Rb8 22.Qd3
O-O 23.Qc4 Qxc4 24.Bxc4 Bxf5 25.Ra5 Rfe8 26.Rxa4 d5 27.Bd3 Bxd3 28.cxd3 Rb3
29.Ra7 Bf8 30.a4 Reb8 31.Bc1 Ba3 32.Rf1 f6 33.Rc7 Bxb2 34.Kc2 Bxc1 35.Rxc1
Rb2+ 36.Kd1 Rxg2 37.R1c2 Rb1+ 38.Rc1 Rxc1+ 39.Kxc1 Ra2 40.Ra7 e4 41.dxe4 dxe4
42.a5 e3 43.Re7 Rxh2 44.Rxe3 Ra2 {#R} 0-1

[Event "Aeroflot Open B 2017"]
[Site "masterchessopen.com Moscow RUS"]
[Date "2017.02.22"]
[Round "2.18"]
[White "Levushkina,E"]
[Black "Battaglini,G"]
[Result "0-1"]
[WhiteElo "2306"]
[BlackElo "2444"]

1.e4 e6 2.d4 d5 3.Nd2 c5 4.exd5 Qxd5 5.Ngf3 cxd4 6.Bc4 Qd7 7.O-O Nc6 8.Nb3 a5
9.a4 Nf6 10.Qe2 Bd6 11.Bg5 O-O 12.Bxf6 gxf6 13.Nbxd4 Nxd4 14.Nxd4 e5 15.Nf3
Qe7 16.Rfe1 Kh8 17.Bd3 Rg8 18.Nh4 Rg5 19.c3 Bg4 20.f3 Be6 21.f4 exf4 22.Kh1
Rag8 23.Qf2 Qf8 24.Rad1 Qh6 25.Bf1 Bc5 26.Rd4 Bxd4 27.cxd4 Bd5 28.Nf3 Bxf3
29.Qxf3 Rg3 30.Qxb7 f3 31.Kg1 fxg2 32.Bc4 Re3 33.Rd1 Re2 34.Qf3 Qxh2+ 35.Kxh2
g1=Q+ 36.Kh3 Rh2# 0-1

[Event "Aeroflot Open B 2017"]
[Site "masterchessopen.com Moscow RUS"]
[Date "2017.02.22"]
[Round "2.20"]
[White "Kozionov,Kirill"]
[Black "Gharibyan,Mamikon"]
[Result "1-0"]
[WhiteElo "2439"]
[BlackElo "2280"]

1.e4 c5 2.Nf3 d6 3.d4 cxd4 4.Nxd4 Nf6 5.Nc3 a6 6.Nb3 e6 7.g4 b5 8.Bg2 Bb7 9.g5
b4 10.Nd5 Nxd5 11.exd5 e5 12.a3 bxa3 13.Rxa3 a5 14.Qe2 a4 15.Nd4 Ba6 16.Qe3
Qa5+ 17.c3 Nd7 18.b4 Qc7 19.b5 Bb7 20.Nc6 Be7 21.O-O h6 22.g6 Bf6 23.gxf7+
Kxf7 24.Qh3 Rhe8 25.Be4 Nf8 26.c4 Qd7 27.Bf5 Qc7 28.Rg3 Bc8 29.Qh5+ Kg8
30.Qxe8 Bxf5 31.Qxa8 Qf7 32.b6 Kh7 33.b7 Nd7 34.b8=Q Nxb8 35.Qxb8 h5 36.Qa7
Qf8 37.Bg5 h4 38.Bxf6 Qxf6 39.Qxg7+ {#r} 1-0

[Event "Aeroflot Open B 2017"]
[Site "masterchessopen.com Moscow RUS"]
[Date "2017.02.22"]
[Round "2.23"]
[White "Pujari,R"]
[Black "Sivuk,V"]
[Result "0-1"]
[WhiteElo "2127"]
[BlackElo "2520"]

1.d4 Nf6 2.c4 e6 3.Nf3 b6 4.g3 Ba6 5.b3 Bb4+ 6.Bd2 Be7 7.Bg2 d5 8.O-O O-O
9.cxd5 exd5 10.b4 Nbd7 11.a4 c5 12.dxc5 bxc5 13.b5 Bb7 14.Nh4 Ne4 15.Bxe4 dxe4
16.Nf5 Re8 17.Bc3 Bf8 18.Na3 Nb6 19.Qxd8 Raxd8 20.Ba5 g6 21.Bxb6 axb6 22.Ne3
Bg7 23.Rad1 Ra8 24.Nac4 Rxa4 25.Nxb6 Rb4 26.Rd7 Rb8 27.Rfd1 Bd4 28.Nec4 Rxb5
29.e3 Bc3 30.Kg2 Rb4 31.Rc1 Bg7 32.Rc7 Ba6 33.Nd7 Rd8 34.Ncb6 Be2 35.R7xc5
Bf3+ 36.Kh3 h5 37.Rc8 Rxc8 38.Rxc8+ Kh7 39.Rc2 Rb1 40.Rd2 Rg1 41.Rd5 Kh6
42.Rd6 Bg4+ 43.Kh4 Rh1 {#R} 0-1

[Event "Aeroflot Open B 2017"]
[Site "masterchessopen.com Moscow RUS"]
[Date "2017.02.22"]
[Round "2.25"]
[White "Shuvalova,Polina"]
[Black "Hayrapetyan,Ho"]
[Result "0-1"]
[WhiteElo "2387"]
[BlackElo "2514"]

1.c4 c5 2.Nf3 Nf6 3.Nc3 b6 4.g3 e6 5.Bg2 Bb7 6.O-O Be7 7.Re1 d5 8.cxd5 Nxd5
9.d4 Nxc3 10.bxc3 O-O 11.e4 cxd4 12.cxd4 Nd7 13.a4 Nf6 14.Qd3 Rc8 15.Bd2 Qc7
16.Rac1 Qb8 17.Rb1 Qa8 18.Ne5 Rfd8 19.Bb4 Bxb4 20.Rxb4 Rc7 21.f3 Qc8 22.Bf1
Nd7 23.Nxd7 Qxd7 24.Ra1 Rdc8 25.Be2 Rc3 26.Qd2 Rc2 27.Qd1 f5 28.exf5 exf5
29.Bd3 R2c3 30.Kg2 Qe7 31.Rb2 Qe3 32.Be2 Bd5 33.Qd2 Bxf3+ 34.Bxf3 Qxf3+ 35.Kg1
Rd3 36.Qf2 Qxf2+ 37.Kxf2 Rxd4 38.a5 Rdc4 39.Raa2 R4c6 40.axb6 axb6 41.h4 Kf7
42.Kg2 h6 43.Rb5 Rc2+ 44.Rxc2 Rxc2+ 45.Kh3 Rc6 46.Rxf5+ Ke6 47.Rf8 Kd5 48.h5
Rc7 49.Rb8 Kc5 50.Kg4 Rf7 {#R} 0-1

[Event "Aeroflot Open B 2017"]
[Site "masterchessopen.com Moscow RUS"]
[Date "2017.02.22"]
[Round "2.27"]
[White "Konovalov,N"]
[Black "Lan,Zilun"]
[Result "1-0"]
[WhiteElo "2501"]
[BlackElo "2350"]

1.d4 Nf6 2.Nf3 g6 3.Bg5 Bg7 4.Nbd2 d5 5.e3 Nbd7 6.Be2 c5 7.c3 O-O 8.O-O b6
9.a4 a5 10.Bb5 Bb7 11.Qe2 Qc7 12.Rfd1 Bc6 13.c4 e6 14.Rac1 Bxb5 15.axb5 Rac8
16.Bf4 Qb7 17.dxc5 bxc5 18.b3 Rfe8 19.Ne5 Nh5 20.Ndf3 Nxf4 21.exf4 Nxe5
22.fxe5 Red8 23.h4 Qb6 24.h5 Ra8 25.Qe3 d4 26.Qf4 Qc7 27.Rd3 a4 28.bxa4 Rxa4
29.Qh4 Rda8 30.hxg6 hxg6 31.Ng5 Ra1 32.Qh7+ Kf8 33.Nxe6+ Ke7 34.Qxg7 Rxc1+
35.Kh2 Kxe6 36.Qf6+ Kd7 37.b6 Rh8+ 38.Qxh8 Qxb6 39.Ra3 Rxc4 40.Ra8 Kc6 41.Qe8+
Kd5 42.Qxf7+ Qe6 43.Rd8+ {#r} 1-0

[Event "Aeroflot Open B 2017"]
[Site "masterchessopen.com Moscow RUS"]
[Date "2017.02.22"]
[Round "2.29"]
[White "Ovod,E"]
[Black "Nikolenko,O"]
[Result "1-0"]
[WhiteElo "2380"]
[BlackElo "2490"]

1.d4 Nf6 2.Bg5 Ne4 3.Bf4 c5 4.f3 Qa5+ 5.c3 Nf6 6.d5 Qb6 7.Bc1 e6 8.e4 exd5
9.exd5 Bd6 10.Na3 O-O 11.Ne2 Re8 12.Nc4 Qc7 13.Nxd6 Qxd6 14.c4 b5 15.b3 bxc4
16.bxc4 Qe5 17.Bd2 d6 18.Kf2 Nbd7 19.Qc1 Nb6 20.Bf4 Qe7 21.Ng3 Rb8 22.Rb1 g6
23.h4 h5 24.Rb3 Ba6 25.Ra3 Bxc4 26.Re3 Ng4+ 27.fxg4 Qf6 28.Rxe8+ Rxe8 29.Bxc4
Qd4+ 30.Be3 Qf6+ 31.Kg1 Nxc4 32.g5 Qe5 33.Qxc4 Qxg3 34.Bf2 Qe5 35.Rh3 Qa1+
36.Kh2 Qe5+ 37.Bg3 Qa1 38.Qb5 Rd8 39.Bxd6 c4 40.Re3 Qd4 41.Re8+ Kh7 42.Bg3
Rxd5 43.Qxd5 Qxd5 44.Be5 {#r} 1-0

[Event "Aeroflot Open B 2017"]
[Site "masterchessopen.com Moscow RUS"]
[Date "2017.02.22"]
[Round "2.30"]
[White "Tsydypov,Z"]
[Black "Abhishek,K"]
[Result "1-0"]
[WhiteElo "2485"]
[BlackElo "2381"]

1.e4 c6 2.d4 d5 3.e5 Bf5 4.Nf3 e6 5.Be2 Bb4+ 6.c3 Ba5 7.Nbd2 Nd7 8.Nf1 f6
9.Ng3 Ne7 10.exf6 Nxf6 11.O-O O-O 12.Qb3 Bb6 13.c4 dxc4 14.Bxc4 Nfd5 15.Re1 h6
16.Bd2 Qd6 17.h3 Rf6 18.Re2 Bg6 19.Rae1 Raf8 20.a3 a5 21.Ne4 Bxe4 22.Rxe4 Kh8
23.R1e2 Nf5 24.Rg4 Qd8 25.Bd3 Qb8 26.Qa4 Qa7 27.Rge4 Re8 28.Bb1 Rff8 29.Qc2
Nf6 30.Rxe6 Rxe6 31.Rxe6 Bxd4 32.Qxf5 {#r} 1-0

[Event "Aeroflot Open B 2017"]
[Site "masterchessopen.com Moscow RUS"]
[Date "2017.02.22"]
[Round "2.32"]
[White "Shtembuliak,E"]
[Black "Zakaryan,David"]
[Result "1-0"]
[WhiteElo "2477"]
[BlackElo "2320"]

1.g3 Nf6 2.Bg2 d5 3.Nf3 g6 4.O-O Bg7 5.c4 O-O 6.cxd5 Nxd5 7.Nc3 Nc6 8.a3 Nb6
9.d3 Re8 10.Re1 h6 11.Bd2 e5 12.Rc1 Nd4 13.Ne4 Nd5 14.e3 Ne6 15.b4 b6 16.Qb3
Bb7 17.h4 f5 18.Nc3 Nxc3 19.Bxc3 Qd6 20.Qb2 Bxf3 21.Bxf3 Rad8 22.Qb3 Kh7
23.Red1 h5 24.Qa4 Kh6 25.Qxa7 g5 26.hxg5+ Nxg5 27.Bg2 Re7 28.Ba1 e4 29.Qa4 Qg6
30.Rc6 Re6 31.Bxg7+ Kxg7 32.Rxe6 Nxe6 33.dxe4 Rxd1+ 34.Qxd1 fxe4 35.Qa1+ Kg8
36.Qe5 Ng5 37.Qxc7 h4 38.gxh4 Nf3+ 39.Kh1 Nxh4 40.Qd8+ {#r} 1-0

[Event "Aeroflot Open B 2017"]
[Site "masterchessopen.com Moscow RUS"]
[Date "2017.02.22"]
[Round "2.37"]
[White "Zherebtsova,A"]
[Black "Demidov,M"]
[Result "0-1"]
[WhiteElo "2186"]
[BlackElo "2534"]

1.d4 Nf6 2.Nf3 g6 3.c4 c5 4.d5 b5 5.cxb5 a6 6.bxa6 Bg7 7.Nc3 Qa5 8.Nd2 Bxa6
9.e4 Bxf1 10.Kxf1 O-O 11.Qe2 e6 12.Nc4 Qa6 13.Bg5 exd5 14.Nxd5 Nxd5 15.exd5 d6
16.Re1 Nd7 17.a3 h6 18.Bc1 Rfe8 19.Ne3 Qb7 20.h4 Nf6 21.Qd3 Re5 22.Rd1 Ra4
23.b4 cxb4 24.Bb2 Nd7 25.axb4 Rxe3 26.Qxe3 Bxb2 27.Qe8+ Kg7 28.h5 g5 29.Rh3
Rxb4 30.Qe7 Be5 31.Rf3 Nf6 32.Qd8 Qb5+ 33.Rfd3 Rd4 34.Ke2 Rxd5 {#R} 0-1